00497nam a2200157Ia 4500008004100000100001700041245007200058245001700130260003700147260000900184300002400193650001600217650001500233999001900248952007200267170224s9999 xx 000 0 und d aJane Davison aVisualising accounting: an interdisciplinary review and synthesis  cJane Davison bAccounting and Business Research c2015 a45:2, pages 121-165 xAccountancy xAccounting c316094d316094 001040aCLbCLd2017-02-24l0r2017-02-24 00:00:00w2017-02-24ySE